Match the Song to the Album (1970s) - Statistics

General Stats
  • This quiz has been taken 91 times
  • The average score is 19 of 27
Answer Stats
Hint Answer % Correct
"Stairway to Heaven" Led Zeppelin IV
99%
"Bohemian Rhapsody" A Night at the Opera
95%
"Anarchy in the U.K." Never Mind the Bollocks, Here's the Sex Pistols
95%
"Free Bird" (Pronounced 'Lĕh-'nérd 'Skin-'nérd)
92%
"Stayin' Alive" Saturday Night Fever
89%
"Starman" The Rise and Fall of Ziggy Stardust and the Spiders from Mars
89%
"Dreams" Rumours
88%
"More Than a Feeling" Boston
87%
"Candle in the Wind" Goodbye Yellow Brick Road
83%
"Psycho Killer" Talking Heads: 77
83%
"Baba O'Riley" Who's Next
83%
"Money" The Dark Side of the Moon
79%
"Life in the Fast Lane" Hotel California
67%
"Heart of Gold" Harvest
65%
"Don’t Stop ’Til You Get Enough" Off the Wall
65%
"Comfortably Numb" The Wall
65%
"My Sweet Lord" All Things Must Pass
64%
"Message in a Bottle" Reggatta de Blanc
64%
"Walk This Way" Toys in the Attic
64%
"Paradise by the Dashboard Light" Bat Out of Hell
60%
"Shine On You Crazy Diamond" Wish You Were Here
60%
"Thunder Road" Born to Run
57%
"Smoke on the Water" Machine Head
55%
"Jamming" Exodus
51%
"Living for the City" Innervisions
37%
"A Case of You" Blue
36%
"Superstition" Talking Book
25%
No matching quizzes found
Score Distribution
Percent of People with Each Score
Percentile by Number Answered
Your Score History
You have not taken this quiz